| 000 | 01044cam a22002414a 4500 | ||
|---|---|---|---|
| 001 | 13961226 | ||
| 005 | 20241106182230.0 | ||
| 008 | 050511s2004 enk b 001 0 eng c | ||
| 020 | _a0198765789 (acidfree paper) | ||
| 050 | 0 | 0 |
_aKD7869 _b.H47 2004 |
| 100 | 1 | _aHerring, Jonathan. | |
| 245 | 1 | 0 |
_aCriminal law : _btext, cases and materials / _cJonathan Herring. |
| 260 |
_aOxford ; _aNew York : _bOxford University Press, _cc2004. |
||
| 300 |
_alv, 937 p. ; _c25 cm. _bIndex |
||
| 500 |
_aIssues for 2014- cataloged as a serial in LC. _5DLC |
||
| 650 | 0 |
_aCriminal law _zEngland. |
|
| 650 | 0 |
_aCriminal law _zWales. |
|
| 856 | 4 | 2 |
_zCompanion Web site _uhttp://www.oup.com/uk/booksites/content/0198765789/ |
| 856 | 4 | 2 |
_3Publisher description _uhttp://www.loc.gov/catdir/enhancements/fy0639/2005275724-d.html |
| 856 | 4 | 1 |
_3Table of contents only _uhttp://www.loc.gov/catdir/enhancements/fy0639/2005275724-t.html |
| 856 | 4 | 2 |
_3Contributor biographical information _uhttp://www.loc.gov/catdir/enhancements/fy0725/2005275724-b.html |
| 942 |
_2lcc _cBK _n0 |
||
| 999 |
_c746 _d746 |
||